[Event "Bundesliga 2324"]
[Site "Germany"]
[Date "2024.04.28"]
[Round "15.3"]
[White "Duda, Jan Krzysztof"]
[Black "Brkic, Ante"]
[Result "1-0"]
[WhiteElo "2726"]
[BlackElo "2606"]
[PlyCount "105"]
[EventDate "2023.10.21"]
[EventType "team-tourn"]
[EventRounds "15"]
[EventCountry "GER"]
[SourceTitle "CB18_2024"]
[SourceDate "2024.05.01"]
[SourceVersion "1"]
[SourceVersionDate "2024.05.01"]
[SourceQuality "2"]
[WhiteTeam "Viernheim"]
[BlackTeam "Kirchweyhe"]
[WhiteTeamCountry "GER"]
[BlackTeamCountry "GER"]

1. Nf3 d5 2. g3 g6 3. Bg2 Bg7 4. 0-0 e5 5. d3 Nc6 6. Nbd2 Nge7 7. e4 0-0 8. Rb1 a5 9. b3 d4 10. Nc4 b5 11. Nb2 h6 12. a4 b4 13. Nh4 Be6 14. f4 exf4 15. gxf4 f5 16. Qe1 Qd7 17. Bd2 Bf7 18. Qg3 fxe4 19. dxe4 d3 20. Nxd3 Nd4 21. Rf2 Nxc2 22. Ne5 Qe6 23. Nxf7 Rxf7 24. Rc1 Nd4 25. Bf1 Qxb3 26. Bc4 Qxg3+ 27. hxg3 c6 28. Be3 Bf6 29. Kg2 Kf8 30. Rd2 c5 31. Nf3 Nxf3 32. Kxf3 Bc3 33. Rd7 Rf6 34. Bxc5 Rc6 35. Bxe7+ Ke8 36. Bb5 Kxd7 37. Bf6 Rb8 38. Bxc6+ Kxc6 39. Bxc3 bxc3 40. Rxc3+ Kd7 41. Rc5 Rb3+ 42. Kg4 Rb4 43. Rd5+ Kc7 44. Rxa5 Rxe4 45. Ra6 g5 46. Rxh6 gxf4 47. gxf4 Rxa4 48. Re6 Kd7 49. Re1 Ra8 50. Kg5 Rg8+ 51. Kh6 Rf8 52. Re4 Kd6 53. Kg7 1-0

[Event "AUT-chT 2324"]
[Site "Austria"]
[Date "2024.03.24"]
[Round "11.1"]
[White "Brkic, Ante"]
[Black "Georgiadis, Nico"]
[Result "1-0"]
[WhiteElo "2633"]
[BlackElo "2537"]
[PlyCount "73"]
[EventDate "2023.11.22"]
[EventType "team-tourn"]
[EventRounds "11"]
[EventCountry "AUT"]
[SourceTitle "CB13_2024"]
[SourceDate "2024.03.27"]
[SourceVersion "1"]
[SourceVersionDate "2024.03.27"]
[SourceQuality "1"]
[WhiteTeam "St Veit"]
[BlackTeam "Goetzis"]
[WhiteTeamCountry "AUT"]
[BlackTeamCountry "AUT"]

1. e4 c5 2. Nf3 d6 3. d4 cxd4 4. Nxd4 Nf6 5. Nc3 a6 6. Be3 e5 7. Nb3 Be6 8. f3 Nbd7 9. g4 Nb6 10. g5 Nh5 11. Qd2 Rc8 12. 0-0-0 Be7 13. Kb1 Qc7 14. Qf2 Nc4 15. Bxc4 Qxc4 16. Nd5 Bxd5 17. Rxd5 0-0 18. Rg1 g6 19. Qd2 f6 20. gxf6 Nxf6 21. Rd3 Qe6 22. Bg5 Rc7 23. Nc1 Rc6 24. Bxf6 Rxf6 25. Ne2 Qh3 26. f4 Qxh2 27. f5 Bd8 28. Rdg3 Kg7 29. Qd3 Bb6 30. Rf1 Kh8 31. Rh3 Qg2 32. Rfh1 Rc7 33. Nc3 gxf5 34. Nd5 Rg6 35. a3 fxe4 36. Qb3 Rf7 37. Nf4 1-0

[Event "EU-ch Rapid"]
[Site "Zagreb"]
[Date "2023.12.15"]
[Round "11"]
[White "Brkic, Ante"]
[Black "Culum, Sanjin"]
[Result "1/2-1/2"]
[WhiteElo "2637"]
[BlackElo "2349"]
[PlyCount "127"]
[EventDate "2023.12.14"]
[EventType "swiss (rapid)"]
[EventRounds "11"]
[EventCountry "CRO"]
[SourceTitle "CB51_2023"]
[SourceDate "2023.12.20"]
[SourceVersion "1"]
[SourceVersionDate "2023.12.20"]
[SourceQuality "1"]

1. e4 c5 2. Nf3 Nc6 3. Nc3 e5 4. Bc4 Be7 5. d3 Nf6 6. h3 d6 7. Nh2 Be6 8. Ng4 0-0 9. Nxf6+ Bxf6 10. Nd5 Bg5 11. Bxg5 Qxg5 12. Ne3 Ne7 13. Qd2 Qg6 14. g4 Qf6 15. 0-0-0 Ng6 16. Rdg1 Qg5 17. Rg3 Qf4 18. h4 Bxc4 19. Nxc4 Qxd2+ 20. Kxd2 Rad8 21. h5 Nf4 22. h6 g6 23. Ne3 f6 24. Rb1 Kf7 25. b4 b6 26. a4 cxb4 27. Rxb4 d5 28. exd5 Nxd5 29. Rc4 Ke6 30. Rg1 Rc8 31. Rxc8 Rxc8 32. Nc4 Ne7 33. Rb1 Ng8 34. f3 Rc7 35. Rh1 Ne7 36. Rb1 Ng8 37. Rh1 Ne7 38. Re1 Ng8 39. g5 fxg5 40. Nxe5 Kf5 41. Ng4 Nf6 42. Nf2 g4 43. fxg4+ Nxg4 44. Ne4 Nxh6 45. d4 Ng4 46. Kd3 g5 47. Rf1+ Kg6 48. d5 Rd7 49. d6 h5 50. Kd4 h4 51. Rg1 Kh5 52. Kd5 Rf7 53. Ke6 Rf4 54. Re1 Nh6 55. Nf6+ Kg6 56. Nd5 Rd4 57. c3 Rd2 58. c4 h3 59. d7 Nf7 60. Ne7+ Kg7 61. Nf5+ Kg6 62. Ne7+ Kg7 63. Nf5+ Kg6 64. Ne7+ 1/2-1/2

[Event "EU-ch Rapid"]
[Site "Zagreb"]
[Date "2023.12.15"]
[Round "8"]
[White "Nikolic, Nebojsa"]
[Black "Brkic, Ante"]
[Result "0-1"]
[WhiteElo "2245"]
[BlackElo "2637"]
[PlyCount "144"]
[EventDate "2023.12.14"]
[EventType "swiss (rapid)"]
[EventRounds "11"]
[EventCountry "CRO"]
[SourceTitle "CB51_2023"]
[SourceDate "2023.12.20"]
[SourceVersion "1"]
[SourceVersionDate "2023.12.20"]
[SourceQuality "1"]

1. b3 e5 2. c4 Nf6 3. Bb2 Nc6 4. e3 d5 5. cxd5 Nxd5 6. a3 Bd6 7. Nc3 Nxc3 8. Bxc3 Be6 9. Bc4 Bxc4 10. bxc4 Qg5 11. Qf3 Qe7 12. Rb1 0-0 13. Ne2 Rab8 14. Ng3 Qe6 15. Qd5 Qxd5 16. cxd5 Ne7 17. e4 f5 18. d3 f4 19. Nf1 f3 20. g3 c6 21. dxc6 Nxc6 22. Ne3 b5 23. Bb4 Bxb4+ 24. axb4 Nd4 25. Kd2 Rfc8 26. Rhc1 Rxc1 27. Kxc1 Rc8+ 28. Kb2 Rc6 29. h4 Kf7 30. Ra1 a6 31. Ra3 Ne2 32. Nd5 Ke6 33. Ra1 Kd6 34. Ra3 Kd7 35. Ra1 Kd8 36. Ra3 Kd7 37. Ra1 Ke6 38. Rd1 Kf7 39. Ra1 h5 40. Rd1 Kf8 41. Ra1 Kf7 42. Rd1 Rd6 43. Ra1 g5 44. hxg5 Kg6 45. Rd1 Kxg5 46. Ra1 Rc6 47. Rd1 Rc8 48. Ra1 Rc6 49. Rd1 Kg4 50. Ne3+ Kg5 51. Nd5 Nd4 52. Ne3 Rc8 53. Ra1 Rc6 54. Ra3 Ne2 55. Ra1 Nd4 56. Ra3 Kg6 57. Rc3 Rxc3 58. Kxc3 Kg5 59. Nc2 Ne2+ 60. Kd2 Kg4 61. Ke3 Nc3 62. Kd2 Ne2 63. Ne1 Nd4 64. Ke3 Kh3 65. Nxf3 Nc6 66. Nxe5 Nxe5 67. d4 Nc4+ 68. Kf4 a5 69. bxa5 b4 70. d5 b3 71. d6 Nxd6 72. e5 Nc8 0-1

[Event "Bundesliga 2324"]
[Site "Germany"]
[Date "2023.12.03"]
[Round "4.7"]
[White "Warmerdam, Max"]
[Black "Brkic, Ante"]
[Result "1/2-1/2"]
[WhiteElo "2636"]
[BlackElo "2606"]
[PlyCount "48"]
[EventDate "2023.10.21"]
[EventType "team-tourn"]
[EventRounds "15"]
[EventCountry "GER"]
[SourceTitle "CB49_2023"]
[SourceDate "2023.12.06"]
[SourceVersion "1"]
[SourceVersionDate "2023.12.06"]
[SourceQuality "1"]
[WhiteTeam "Solingen"]
[BlackTeam "Kirchweyhe"]
[WhiteTeamCountry "GER"]
[BlackTeamCountry "GER"]

1. Nf3 d5 2. c4 e6 3. g3 dxc4 4. Bg2 Nd7 5. Qa4 a6 6. Qxc4 b5 7. Qh4 Be7 8. Qe4 Rb8 9. Nd4 Ngf6 10. Qc2 Ne5 11. Nb3 c5 12. Nxc5 h5 13. b4 h4 14. 0-0 Nd5 15. a3 hxg3 16. hxg3 Bxc5 17. bxc5 Qg5 18. d4 Qh5 19. f3 Qh2+ 20. Kf2 Rh3 21. dxe5 Qxg3+ 22. Kg1 Qh2+ 23. Kf2 Qg3+ 24. Kg1 Qh2+ 1/2-1/2

[Event "Zagreb Peace"]
[Site "Zagreb"]
[Date "2023.11.27"]
[Round "6"]
[White "Brkic, Ante"]
[Black "Korobov, Anton"]
[Result "1/2-1/2"]
[WhiteElo "2622"]
[BlackElo "2667"]
[PlyCount "85"]
[EventDate "2023.11.22"]
[EventType "tourn"]
[EventRounds "9"]
[EventCountry "CRO"]
[EventCategory "15"]
[SourceTitle "CB49_2023"]
[SourceDate "2023.12.06"]
[SourceVersion "1"]
[SourceVersionDate "2023.12.06"]
[SourceQuality "1"]

1. e4 e6 2. d4 d5 3. Nc3 Nf6 4. e5 Nfd7 5. f4 c5 6. Nf3 Nc6 7. Be3 Be7 8. a3 0-0 9. dxc5 Nxc5 10. Be2 Nd7 11. Qd2 a6 12. 0-0 b5 13. Nd4 Nxd4 14. Bxd4 Nb8 15. Bd3 Nc6 16. Ne2 Nxd4 17. Nxd4 f5 18. exf6 Bc5 19. c3 gxf6 20. Kh1 Qd6 21. Rad1 Re8 22. Bc2 Bb7 23. Rf3 Re7 24. Qe1 Rf8 25. Qh4 Bc8 26. b4 Bxd4 27. cxd4 Rc7 28. Qh6 Rff7 29. Bd3 Qf8 30. Rg3+ Kh8 31. Qh4 Bd7 32. Re1 a5 33. bxa5 Ra7 34. Rg6 f5 35. Re3 Rxa5 36. Reg3 Rxa3 37. Rg8+ Qxg8 38. Rxg8+ Kxg8 39. Qg5+ Kf8 40. Qd8+ Kg7 41. Qg5+ Kf8 42. Qd8+ Kg7 43. Qg5+ 1/2-1/2

[Event "Zagreb Peace"]
[Site "Zagreb"]
[Date "2023.11.26"]
[Round "5"]
[White "Brkic, Ante"]
[Black "Stevic, Hrvoje"]
[Result "1/2-1/2"]
[WhiteElo "2622"]
[BlackElo "2549"]
[PlyCount "55"]
[EventDate "2023.11.22"]
[EventType "tourn"]
[EventRounds "9"]
[EventCountry "CRO"]
[EventCategory "15"]
[SourceTitle "CB49_2023"]
[SourceDate "2023.12.06"]
[SourceVersion "1"]
[SourceVersionDate "2023.12.06"]
[SourceQuality "1"]

1. e4 e5 2. Nf3 Nc6 3. Bc4 Bc5 4. c3 Nf6 5. d4 exd4 6. e5 d5 7. Bb5 Ne4 8. cxd4 Bb6 9. Nc3 0-0 10. Be3 Bg4 11. h3 Bh5 12. Qc2 Bg6 13. Qb3 Ne7 14. 0-0 c6 15. Bd3 Nf5 16. Qc2 Nxc3 17. bxc3 Nxe3 18. fxe3 Bxd3 19. Qxd3 f6 20. c4 fxe5 21. Nxe5 Qd6 22. Rab1 c5 23. Rxf8+ Rxf8 24. cxd5 cxd4 25. Nc4 Qxd5 26. Nxb6 axb6 27. Qxd4 Qxa2 28. Rxb6 1/2-1/2

[Event "EU-chT 24th"]
[Site "Budva"]
[Date "2023.11.14"]
[Round "4.2"]
[White "Mamedyarov, Shakhriyar"]
[Black "Brkic, Ante"]
[Result "1-0"]
[WhiteElo "2734"]
[BlackElo "2622"]
[PlyCount "123"]
[EventDate "2023.11.11"]
[EventType "team-swiss"]
[EventRounds "9"]
[EventCountry "MNE"]
[SourceTitle "CB47_2023"]
[SourceDate "2023.11.22"]
[SourceVersion "1"]
[SourceVersionDate "2023.11.22"]
[SourceQuality "1"]
[WhiteTeam "Azerbaijan"]
[BlackTeam "Croatia"]
[WhiteTeamCountry "AZE"]
[BlackTeamCountry "CRO"]

1. d4 Nf6 2. c4 e6 3. Nf3 d5 4. Nc3 Bb4 5. Bg5 h6 6. Bxf6 Qxf6 7. Qa4+ Nc6 8. e3 0-0 9. Be2 dxc4 10. 0-0 Qe7 11. Bxc4 Na5 12. Bd3 Bxc3 13. bxc3 b6 14. Bb1 Bb7 15. Qc2 g6 16. e4 c5 17. Qd2 Kg7 18. Bd3 Rfd8 19. Rfe1 Rac8 20. Rad1 Qf6 21. h4 cxd4 22. cxd4 Nc6 23. e5 Qe7 24. Be4 Rc7 25. h5 Nb4 26. Bxb7 Rxb7 27. Rc1 Nd5 28. g3 Rc7 29. Rxc7 Qxc7 30. Rc1 Qe7 31. hxg6 fxg6 32. Nh2 Qf7 33. Ng4 g5 34. Qe2 Rd7 35. Ne3 Nxe3 36. Qxe3 Rc7 37. Rd1 Rc6 38. Qe4 Rc4 39. Kg2 Qd7 40. f4 gxf4 41. gxf4 Qa4 42. Rg1 Kf8 43. Kh3 Qc2 44. Qxc2 Rxc2 45. Rg6 Kf7 46. Rf6+ Ke7 47. f5 exf5 48. d5 Re2 49. d6+ Kd7 50. Rf7+ Ke8 51. Rxf5 b5 52. Kg4 b4 53. Rh5 Kd7 54. Kf5 Rxa2 55. Rxh6 Rf2+ 56. Ke4 Re2+ 57. Kd5 Rd2+ 58. Kc5 Re2 59. Rh7+ Kc8 60. e6 b3 61. d7+ Kc7 62. Rh8 1-0

[Event "EU-chT 24th"]
[Site "Budva"]
[Date "2023.11.12"]
[Round "2.5"]
[White "Brkic, Ante"]
[Black "Sargissian, Gabriel"]
[Result "1/2-1/2"]
[WhiteElo "2622"]
[BlackElo "2686"]
[PlyCount "80"]
[EventDate "2023.11.11"]
[EventType "team-swiss"]
[EventRounds "9"]
[EventCountry "MNE"]
[SourceTitle "CB47_2023"]
[SourceDate "2023.11.22"]
[SourceVersion "1"]
[SourceVersionDate "2023.11.22"]
[SourceQuality "1"]
[WhiteTeam "Croatia"]
[BlackTeam "Armenia"]
[WhiteTeamCountry "CRO"]
[BlackTeamCountry "ARM"]

1. e4 e5 2. Nf3 Nc6 3. Bb5 a6 4. Ba4 Nf6 5. 0-0 Be7 6. d3 b5 7. Bb3 d6 8. c3 0-0 9. h3 Bb7 10. a4 Na5 11. Ba2 c5 12. Bg5 b4 13. Bxf6 Bxf6 14. Nbd2 Rb8 15. Nc4 Bc8 16. Nxa5 Qxa5 17. Nd2 Qc7 18. Nc4 Bd8 19. Ne3 Qe7 20. Bc4 Qg5 21. Kh1 a5 22. Bd5 g6 23. Nc4 Bc7 24. Qc1 Qxc1 25. Raxc1 Bd7 26. b3 bxc3 27. Rxc3 Kg7 28. Ne3 f5 29. f3 f4 30. Nc4 g5 31. Kg1 h5 32. Kf2 Rh8 33. Na3 Rbe8 34. Nb5 Bb8 35. Rcc1 Kf6 36. Rh1 Re7 37. Rh2 Rg7 38. Ke2 Ke7 39. Bc4 Rh6 40. Nc3 Kd8 1/2-1/2

[Event "BIH-chT 21st"]
[Site "Sarajevo"]
[Date "2023.10.31"]
[Round "1.2"]
[White "Brkic, Ante"]
[Black "Milosevic, Milos"]
[Result "1-0"]
[WhiteElo "2622"]
[BlackElo "2362"]
[PlyCount "73"]
[EventDate "2023.10.31"]
[EventType "team-tourn"]
[EventRounds "9"]
[EventCountry "BIH"]
[SourceTitle "Mega2024 Update 01"]
[Source "Chessbase"]
[SourceDate "2023.11.12"]
[SourceVersion "1"]
[SourceVersionDate "2023.11.12"]
[SourceQuality "1"]
[WhiteTeam "Cazin"]
[BlackTeam "Bihac"]
[WhiteTeamCountry "BIH"]
[BlackTeamCountry "BIH"]

1. e4 e5 2. Nf3 Nc6 3. Bb5 Nge7 4. Nc3 a6 5. Bc4 Ng6 6. h4 Be7 7. d3 h6 8. h5 Nf8 9. d4 exd4 10. Nxd4 Bf6 11. Be3 Ne6 12. Nf5 Bxc3+ 13. bxc3 Qf6 14. Qd2 d6 15. f4 Nc5 16. Ng3 Be6 17. Be2 0-0-0 18. Bd4 Qe7 19. f5 Bd7 20. Bxg7 Rhg8 21. Qxh6 Nxe4 22. f6 Qe5 23. Nxe4 Qxe4 24. Qd2 Rge8 25. Kf2 Ne5 26. h6 Bf5 27. Bf3 Qa4 28. h7 Ng6 29. Rae1 Rxe1 30. Kxe1 Nh8 31. Kf2 Qxa2 32. Bd5 Qa5 33. Bxh8 Rxh8 34. Bxf7 Bxh7 35. Be6+ Kb8 36. f7 Qe5 37. Qd4 1-0

[Event "CRO-chT1B 31st"]
[Site "Veli Losinj"]
[Date "2023.10.18"]
[Round "8.21"]
[White "Brkic, Ante"]
[Black "Dardha, Daniel"]
[Result "1/2-1/2"]
[WhiteElo "2606"]
[BlackElo "2580"]
[PlyCount "38"]
[EventDate "2023.10.11"]
[EventType "team-tourn"]
[EventRounds "9"]
[EventCountry "CRO"]
[SourceTitle "Mega2024 Update 01"]
[Source "Chessbase"]
[SourceDate "2023.11.12"]
[SourceVersion "1"]
[SourceVersionDate "2023.11.12"]
[SourceQuality "1"]
[WhiteTeam "Vinkovci"]
[BlackTeam "Strigova Stridon"]
[WhiteTeamCountry "CRO"]
[BlackTeamCountry "CRO"]

1. e4 e5 2. Nf3 Nc6 3. Bb5 Nf6 4. d3 Bc5 5. Ba4 0-0 6. 0-0 d6 7. c3 Ne7 8. d4 Bb6 9. Bc2 exd4 10. cxd4 Bg4 11. Be3 c5 12. dxc5 dxc5 13. Nbd2 Nc6 14. h3 Bh5 15. Nc4 Bg6 16. e5 Qxd1 17. Bxd1 Nd5 18. Ba4 Ncb4 19. a3 Nd3 1/2-1/2

[Event "EU-Cup 38th"]
[Site "Durres"]
[Date "2023.10.04"]
[Round "4.5"]
[White "Brkic, Ante"]
[Black "Movsesian, Sergei"]
[Result "1-0"]
[WhiteElo "2606"]
[BlackElo "2606"]
[PlyCount "101"]
[EventDate "2023.10.01"]
[EventType "team-swiss"]
[EventRounds "7"]
[EventCountry "ALB"]
[SourceTitle "EXT 2024"]
[Source "ChessBase"]
[SourceDate "2023.10.10"]
[SourceVersion "1"]
[SourceVersionDate "2023.10.10"]
[SourceQuality "1"]
[WhiteTeam "Ljubljana Tajfun"]
[BlackTeam "Asnieres"]
[WhiteTeamCountry "SLO"]
[BlackTeamCountry "FRA"]

1. e4 c6 2. d4 d5 3. e5 Bf5 4. Nf3 e6 5. Be2 a5 6. a4 Ne7 7. 0-0 Nd7 8. c3 Bg6 9. Nbd2 Nf5 10. Ne1 f6 11. Nd3 fxe5 12. dxe5 Be7 13. Nf3 Bf7 14. Nd4 Nxd4 15. cxd4 0-0 16. Be3 Rc8 17. Rc1 b6 18. Nf4 Bg5 19. Qd2 Bxf4 20. Bxf4 Qe8 21. Rc3 Bh5 22. Ba6 Rc7 23. Rfc1 Qf7 24. Be3 Nb8 25. Bf1 Rfc8 26. h3 Qe7 27. Rb3 Nd7 28. Bg5 Qe8 29. Rg3 Bg6 30. Ba6 Ra8 31. Be2 Rac8 32. Ba6 Ra8 33. Be2 Rac8 34. Qd1 c5 35. Ba6 Ra8 36. Be2 c4 37. h4 Nf8 38. h5 Bf5 39. h6 Ng6 40. hxg7 b5 41. axb5 Qxb5 42. b3 Rac8 43. Rgc3 Rc6 44. Bh6 Ne7 45. Qd2 Qb4 46. bxc4 dxc4 47. Qg5 Bd3 48. Bxd3 cxd3 49. Rxc6 Rxc6 50. Rxc6 d2 51. Rc8+ 1-0

[Event "AI Cup Play In"]
[Site "Chess.com INT"]
[Date "2023.09.18"]
[Round "5"]
[White "Brkic, Ante"]
[Black "Gledura, Benjamin"]
[Result "1/2-1/2"]
[WhiteElo "2606"]
[BlackElo "2633"]
[PlyCount "208"]
[EventDate "2023.09.18"]
[EventType "swiss (rapid)"]
[EventRounds "9"]
[EventCountry "USA"]
[SourceTitle "EXT 2024"]
[Source "ChessBase"]
[SourceDate "2023.10.10"]
[SourceVersion "1"]
[SourceVersionDate "2023.10.10"]
[SourceQuality "1"]

1. e4 c5 2. Nf3 d6 3. d4 cxd4 4. Nxd4 Nf6 5. Nc3 a6 6. Be3 e5 7. Nb3 Be6 8. f3 h5 9. Qd2 Nbd7 10. Nd5 Nxd5 11. exd5 Bf5 12. Be2 Be7 13. 0-0 Bg6 14. Na5 Qc7 15. c4 0-0 16. b4 h4 17. Rac1 Rad8 18. Rfd1 Nf6 19. Bf1 Bh5 20. Qf2 Rd7 21. Nb3 Qd8 22. Bb6 Qe8 23. Re1 Bg6 24. Rcd1 Qc8 25. Be3 e4 26. f4 Ng4 27. Qd2 Nxe3 28. Qxe3 Rfd8 29. Be2 Rc7 30. Rf1 b5 31. Nd4 bxc4 32. f5 Bh7 33. Qxe4 Bf6 34. Nc6 Re8 35. Qxc4 a5 36. b5 Bxf5 37. Bd3 Bxd3 38. Qxd3 a4 39. Rde1 Rb7 40. Qc4 a3 41. Qb4 Rxe1 42. Rxe1 Qf5 43. Qc4 h3 44. gxh3 Qxh3 45. Rf1 Qc3 46. Qxc3 Bxc3 47. Rf3 Rxb5 48. Rxc3 Rb1+ 49. Kg2 Rb2+ 50. Kg3 Rxa2 51. Ne7+ Kh7 52. Nf5 Ra1 53. Kg2 Ra2+ 54. Kh3 Rd2 55. Rxa3 Rxd5 56. Rf3 f6 57. Ng3 Kg6 58. Kg4 Rd4+ 59. Rf4 Rd2 60. h4 d5 61. h5+ Kf7 62. Ra4 Rc2 63. Ra7+ Kg8 64. Nf5 Rg2+ 65. Kh4 Rh2+ 66. Kg4 Rg2+ 67. Kf3 Rg5 68. Ng3 Kh7 69. Rd7 Kh6 70. Rd8 Kh7 71. Kf4 g6 72. hxg6+ Kxg6 73. Rd7 Re5 74. Rd8 Rg5 75. Rd7 Re5 76. Kf3 Rg5 77. Ne2 Rf5+ 78. Ke3 Re5+ 79. Kd3 Kg5 80. Nc3 Kf5 81. Rd8 Ke6 82. Kd4 Rh5 83. Nxd5 Rh4+ 84. Kc5 Rh1 85. Re8+ Kf7 86. Re7+ Kg6 87. Kd6 f5 88. Re8 f4 89. Rf8 Kg5 90. Rxf4 Re1 91. Rf8 Re2 92. Nc7 Rd2+ 93. Ke7 Kg4 94. Ne6 Rd1 95. Rg8+ Kf5 96. Rf8+ Ke5 97. Ra8 Ke4 98. Ra5 Rf1 99. Nc5+ Kd4 100. Kd6 Kc4 101. Ra4+ Kb5 102. Ra2 Rd1+ 103. Ke5 Kxc5 104. Rc2+ Kb4 1/2-1/2

[Event "AI Cup Play In"]
[Site "Chess.com INT"]
[Date "2023.09.18"]
[Round "4"]
[White "Brkic, Ante"]
[Black "Kovalenko, Igor"]
[Result "0-1"]
[WhiteElo "2606"]
[BlackElo "2674"]
[PlyCount "84"]
[EventDate "2023.09.18"]
[EventType "swiss (rapid)"]
[EventRounds "9"]
[EventCountry "USA"]
[SourceTitle "EXT 2024"]
[Source "ChessBase"]
[SourceDate "2023.10.10"]
[SourceVersion "1"]
[SourceVersionDate "2023.10.10"]
[SourceQuality "1"]

1. e4 c6 2. d4 d5 3. e5 Bf5 4. c4 e6 5. Nc3 Bb4 6. h4 h6 7. cxd5 cxd5 8. g4 Bh7 9. Bd3 Bxd3 10. Qxd3 Nc6 11. Nge2 Nge7 12. h5 Qb6 13. Bd2 Bxc3 14. Bxc3 a5 15. a3 Qa6 16. Qd2 Nc8 17. a4 b5 18. axb5 Qxb5 19. Rh3 Nb6 20. Rf3 a4 21. Kf1 Ra7 22. Kg2 Nc4 23. Qc2 Nb6 24. Nf4 Re7 25. Qd1 Kd7 26. Nd3 Ke8 27. Nc5 Ra7 28. Rf4 Rg8 29. Nd3 Nc4 30. Qf3 g6 31. hxg6 Rxg6 32. Nc5 h5 33. Rh1 N4xe5 34. dxe5 Qxc5 35. Rxh5 Rg8 36. Rh7 Rf8 37. Qe2 d4 38. Be1 Qd5+ 39. Kg3 Nxe5 40. Qe4 Rd7 41. Bd2 Rg8 42. g5 Rxg5+ 0-1

[Event "AI Cup Play In"]
[Site "Chess.com INT"]
[Date "2023.09.18"]
[Round "2"]
[White "Brkic, Ante"]
[Black "Maghsoodloo, Parham"]
[Result "1-0"]
[WhiteElo "2606"]
[BlackElo "2707"]
[PlyCount "95"]
[EventDate "2023.09.18"]
[EventType "swiss (rapid)"]
[EventRounds "9"]
[EventCountry "USA"]
[SourceTitle "EXT 2024"]
[Source "ChessBase"]
[SourceDate "2023.10.10"]
[SourceVersion "1"]
[SourceVersionDate "2023.10.10"]
[SourceQuality "1"]

1. e4 c5 2. Nf3 e6 3. d4 cxd4 4. Nxd4 Nc6 5. Nc3 Qc7 6. Be2 Nf6 7. Ndb5 Qb8 8. f4 d6 9. Be3 Be7 10. g4 a6 11. Nd4 Nxd4 12. Qxd4 e5 13. Qd2 b5 14. g5 b4 15. gxf6 bxc3 16. Qxc3 Bxf6 17. 0-0-0 0-0 18. f5 Bb7 19. Qd3 a5 20. Rhg1 d5 21. Bh6 Kh8 22. Bg5 Bxg5+ 23. Rxg5 d4 24. Qg3 Qd6 25. Rg1 Bxe4 26. Qh4 Qh6 27. Qxh6 gxh6 28. Rh5 Rac8 29. Bd1 Rc6 30. f6 Rxf6 31. Rxe5 Bg6 32. Rxa5 Rc8 33. Rg2 d3 34. c3 Rf1 35. Rd2 Re8 36. Rd5 Re3 37. a4 f5 38. a5 f4 39. a6 Re7 40. b4 f3 41. Rd4 f2 42. Rf4 Re2 43. a7 Be4 44. Rxe4 Rxd1+ 45. Rxd1 Ra2 46. Kb1 Rxa7 47. Rf4 Rc7 48. Rxf2 1-0

[Event "AI Cup Play In"]
[Site "Chess.com INT"]
[Date "2023.09.18"]
[Round "1"]
[White "Brkic, Ante"]
[Black "Sychev, Klementy"]
[Result "1-0"]
[WhiteElo "2606"]
[BlackElo "2552"]
[PlyCount "67"]
[EventDate "2023.09.18"]
[EventType "swiss (rapid)"]
[EventRounds "9"]
[EventCountry "USA"]
[SourceTitle "EXT 2024"]
[Source "ChessBase"]
[SourceDate "2023.10.10"]
[SourceVersion "1"]
[SourceVersionDate "2023.10.10"]
[SourceQuality "1"]

1. e4 e5 2. Nf3 Nc6 3. Bb5 a6 4. Ba4 Nge7 5. c3 Ng6 6. 0-0 d5 7. d3 Be7 8. Re1 0-0 9. Nbd2 dxe4 10. Nxe4 Bg4 11. h3 Bxf3 12. Qxf3 f5 13. Ng3 Nh4 14. Bb3+ Kh8 15. Qd5 Qe8 16. d4 Rd8 17. Qe6 Rd6 18. Qc4 f4 19. dxe5 fxg3 20. fxg3 Na5 21. Qe4 Nxb3 22. exd6 cxd6 23. axb3 Ng6 24. Bg5 Ne5 25. Bxe7 Qxe7 26. Rad1 h6 27. Rf1 Re8 28. Qd5 Rd8 29. Rfe1 Re8 30. Kh1 Qg5 31. Qxd6 Qxg3 32. Qd4 Kh7 33. Qe3 Qg6 34. Qe4 1-0

[Event "Julius Baer Play In"]
[Site "Chess.com INT"]
[Date "2023.07.24"]
[Round "8.66"]
[White "Brkic, Ante"]
[Black "Quintiliano Pinto, Renato Rodrigues"]
[Result "0-1"]
[WhiteElo "2608"]
[BlackElo "2509"]
[PlyCount "70"]
[EventDate "2023.07.24"]
[EventType "swiss (rapid)"]
[EventRounds "9"]
[EventCountry "GER"]
[SourceTitle "CBM 215 Extra"]
[Source "ChessBase"]
[SourceDate "2023.09.30"]
[SourceVersion "1"]
[SourceVersionDate "2023.09.30"]
[SourceQuality "1"]

1. e4 c5 2. Nf3 d6 3. d4 cxd4 4. Qxd4 Nc6 5. Bb5 Bd7 6. Bxc6 Bxc6 7. Nc3 Nf6 8. Bg5 e6 9. Qd3 Be7 10. Nd4 Qa5 11. Bd2 Qb6 12. 0-0-0 0-0 13. f4 d5 14. e5 Nd7 15. Be3 Qa5 16. Kb1 Rfc8 17. Nb3 Qa6 18. Qd2 b5 19. Bd4 b4 20. Ne2 Bb5 21. Ng3 g6 22. h4 h5 23. Nf1 Rc6 24. Ne3 Nb6 25. g4 Nc4 26. Qg2 Nxe3 27. Bxe3 Be2 28. gxh5 Bxh5 29. Rd2 Qa4 30. Rf1 Rac8 31. f5 Ra6 32. Nc1 b3 33. fxg6 Bxg6 34. h5 bxc2+ 35. Ka1 Qxa2+ 0-1

[Event "Julius Baer Play In"]
[Site "Chess.com INT"]
[Date "2023.07.24"]
[Round "6.61"]
[White "Brkic, Ante"]
[Black "Skliarov, Viktor"]
[Result "0-1"]
[WhiteElo "2608"]
[BlackElo "2383"]
[PlyCount "94"]
[EventDate "2023.07.24"]
[EventType "swiss (rapid)"]
[EventRounds "9"]
[EventCountry "GER"]
[SourceTitle "CBM 215 Extra"]
[Source "ChessBase"]
[SourceDate "2023.09.30"]
[SourceVersion "1"]
[SourceVersionDate "2023.09.30"]
[SourceQuality "1"]

1. e4 c5 2. Nf3 Nc6 3. Bb5 e6 4. c3 Nge7 5. d4 cxd4 6. cxd4 d5 7. Nc3 a6 8. Bd3 dxe4 9. Bxe4 Nd5 10. 0-0 Be7 11. Re1 0-0 12. a3 Bf6 13. Bc2 Nxc3 14. bxc3 b5 15. h4 Bb7 16. Qd3 g6 17. Bh6 Re8 18. h5 Qd5 19. hxg6 hxg6 20. Qe3 Ne7 21. Qf4 Nf5 22. Be4 Qd7 23. Bxb7 Qxb7 24. Ne5 Bxe5 25. dxe5 Nxh6 26. Qxh6 Qe7 27. Re3 Qf8 28. Qg5 Qe7 29. Qf4 Kg7 30. Rd1 Rh8 31. Rf3 Rh4 32. Qf6+ Qxf6 33. exf6+ Kh6 34. Rd7 Rf8 35. g3 Ra4 36. Kg2 g5 37. Rc7 Kg6 38. c4 Rxc4 39. Ra7 Ra4 40. Rd3 Kxf6 41. Rc3 Kg6 42. Rd3 g4 43. Rc3 Kf5 44. Rd3 f6 45. Re3 Rc8 46. Rd3 Rc2 47. Rf7 Re4 0-1

[Event "Julius Baer Play In"]
[Site "Chess.com INT"]
[Date "2023.07.24"]
[Round "3.50"]
[White "Demchenko, Anton"]
[Black "Brkic, Ante"]
[Result "1-0"]
[WhiteElo "2623"]
[BlackElo "2608"]
[PlyCount "89"]
[EventDate "2023.07.24"]
[EventType "swiss (rapid)"]
[EventRounds "9"]
[EventCountry "GER"]
[SourceTitle "CBM 215 Extra"]
[Source "ChessBase"]
[SourceDate "2023.09.30"]
[SourceVersion "1"]
[SourceVersionDate "2023.09.30"]
[SourceQuality "1"]

1. e4 c5 2. Nc3 d6 3. Bb5+ Bd7 4. a4 Nc6 5. f4 g6 6. Nf3 Bg7 7. 0-0 Nd4 8. d3 Nxb5 9. Nxb5 Nf6 10. e5 dxe5 11. fxe5 Nd5 12. Bd2 0-0 13. Qe1 a6 14. Na3 b5 15. Qh4 f6 16. axb5 axb5 17. Rae1 Ra6 18. c4 bxc4 19. Qxc4 Bc8 20. Qxc5 Bb7 21. Nc4 Kh8 22. exf6 exf6 23. b4 Qd7 24. b5 Rc8 25. bxa6 Rxc5 26. axb7 Rb5 27. Na5 f5 28. d4 Bf8 29. Ne5 Qc7 30. Kh1 Rxb7 31. Nxb7 Qxb7 32. Nf3 Kg8 33. Re8 Kf7 34. Re2 h6 35. h3 Nf6 36. Be1 Kg7 37. Bg3 Ne4 38. Be5+ Kh7 39. Rc1 Bd6 40. Bxd6 Nxd6 41. Rec2 Nb5 42. Rb2 Qd7 43. Rbc2 g5 44. Rc5 g4 45. Ne5 1-0